| 000 | 00941nam a2200181Ia 4500 | ||
|---|---|---|---|
| 008 | 090630s9999 xx 000 0 und d | ||
| 082 | _b26721 | ||
| 100 | _aगाला ध. रा. / गाला धीरेन / गाला संजय. | ||
| 245 |
_aघरबसल्या इलाज लोहचुंबक चिकित्सा. _cगाला ध. रा. / गाला धीरेन / गाला संजय. |
||
| 260 | _bनवनीत. | ||
| 300 | _a128 | ||
| 600 | _aगाला ध. रा. / गाला धीरेन / गाला संजय. | ||
| 630 | _aघरबसल्या इलाज लोहचुंबक चिकित्सा. | ||
| 655 | _aइतर. | ||
| 700 | _aगाला ध. रा. / गाला धीरेन / गाला संजय. | ||
| 730 | _aघरबसल्या इलाज लोहचुंबक चिकित्सा. | ||
| 942 | _cBOOK | ||
| 999 |
_c278577 _d278577 |
||